Fresh Prince Of Bel-Air Lyrics - Sudden Death - Statistics

General Stats
  • This quiz has been taken 198 times
  • The average score is 8 of 16
Answers on the Grid
Answers color-coded by a green-red scale on the quiz's grid according to % correct below.
Story
Flipped
Fight
Philadelphia
Throne
Prince
Cabbie
Dice
Rare
Minute
Whistled
Born
Shootin'
Relaxin'
King
Pennsylvania
American
Dream
Uncle
Playground
Sang
Flyin'
Second
Music
Tellin'
Father
Palace
Posh
 
Answer Stats
Answer % Correct
Philadelphia
78%
Prince
68%
Playground
66%
Uncle
62%
Shootin'
58%
Born
56%
Cabbie
56%
Relaxin'
56%
Story
56%
Fight
53%
Throne
49%
Dice
47%
Flipped
38%
Whistled
37%
Rare
33%
Minute
26%
No matching quizzes found
Score Distribution
Percent of People with Each Score
Percentile by Number Answered
Your Score History
You have not taken this quiz